[Event "Russian Women's Higher League 2021"]
[Site "?"]
[Date "2021.07.03"]
[Round "7.19"]
[White "Mironenko, Galina"]
[Black "Mikheeva, Galina"]
[Result "0-1"]
[WhiteElo "1952"]
[BlackElo "1838"]
[Annotator ""]
[Source ""]
[Remark ""]

1.Nf3 {[%clk 1:30:55]} Nf6 {[%clk 1:30:54]} 2.c4 {[%clk 1:31:10]}
e6 {[%clk 1:31:16]} 3.e3 {[%clk 1:31:32]} d5 {[%clk 1:31:32]}
4.Nc3 {[%clk 1:31:50]} Be7 {[%clk 1:29:47]} 5.b3 {[%clk 1:32:07]}
c5 {[%clk 1:28:18]} 6.Bb2 {[%clk 1:30:53]} Nc6 {[%clk 1:28:22]}
7.cxd5 {[%clk 1:25:24]} exd5 {[%clk 1:28:44]} 8.d4 {[%clk 1:22:18]}
O-O {[%clk 1:27:51]} 9.Be2 {[%clk 1:21:30]} b6 {[%clk 1:20:31]}
10.O-O {[%clk 1:19:45]} Bb7 {[%clk 1:17:33]} 11.Rc1 {[%clk 1:18:18]}
Ne4 {[%clk 1:10:16]} 12.dxc5 {[%clk 1:10:49]} Nxc3 {[%clk 1:09:55]}
13.Bxc3 {[%clk 1:10:14]} bxc5 {[%clk 1:09:18]} 14.Qd2 {[%clk 1:09:02]}
Qd6 {[%clk 1:02:20]} 15.Rfd1 {[%clk 1:05:38]} Rad8 {[%clk 0:58:36]}
16.Bb2 {[%clk 1:00:09]} Nb4 {[%clk 0:57:55]} 17.a3 {[%clk 0:51:51]}
Nc6 {[%clk 0:47:13]} 18.Bd3 {[%clk 0:45:42]} f5 {[%clk 0:43:22]}
19.Qe2 {[%clk 0:40:03]} Qg6 {[%clk 0:39:37]} 20.Bb5 {[%clk 0:37:39]}
Kh8 {[%clk 0:34:27]} 21.b4 {[%clk 0:33:22]} c4 {[%clk 0:33:06]}
22.Bxc6 {[%clk 0:32:32]} Bxc6 {[%clk 0:29:38]} 23.Ne5 {[%clk 0:31:05]}
Qe6 {[%clk 0:29:23]} 24.Nxc6 {[%clk 0:28:04]} Qxc6 {[%clk 0:29:48]}
25.Bd4 {[%clk 0:27:18]} a6 {[%clk 0:28:37]} 26.Qb2 {[%clk 0:21:53]}
Rf7 {[%clk 0:21:28]} 27.Be5 {[%clk 0:21:08]} Bf8 {[%clk 0:21:35]}
28.Qd4 {[%clk 0:13:50]} Rfd7 {[%clk 0:20:28]} 29.f3 {[%clk 0:09:27]}
a5 {[%clk 0:15:40]} 30.bxa5 {[%clk 0:07:58]} Bxa3 {[%clk 0:15:35]}
31.Ra1 {[%clk 0:07:41]} Bc5 {[%clk 0:15:41]} 32.Qf4 {[%clk 0:06:30]}
Qe6 {[%clk 0:12:57]} 33.Bd4 {[%clk 0:06:21]} Bd6 {[%clk 0:12:34]}
34.Qg5 {[%clk 0:04:54]} Ra8 {[%clk 0:09:52]} 35.a6 {[%clk 0:03:16]}
Be5 {[%clk 0:06:53]} 36.Re1 {[%clk 0:01:15]} c3 {[%clk 0:04:42]}
37.f4 {[%clk 0:00:41]} h6 {[%clk 0:04:30]} 38.Qg3 {[%clk 0:00:41]}
Bf6 {[%clk 0:04:16]} 39.a7 {[%clk 0:00:46]} Bxd4 {[%clk 0:01:57]}
40.exd4 {[%clk 0:31:11]} Qc6 {[%clk 0:32:22]} 41.Rac1 {[%clk 0:22:32]}
Rc7 {[%clk 0:30:23]} 42.Qd3 {[%clk 0:22:08]} Raxa7 {[%clk 0:27:25]}
43.Qxf5 {[%clk 0:20:53]} Ra8 {[%clk 0:26:56]} 44.Qd3 {[%clk 0:14:03]}
c2 {[%clk 0:25:45]} 45.f5 {[%clk 0:11:43]} Re8 {[%clk 0:19:58]}
46.Rxe8+ {[%clk 0:08:53]} Qxe8 {[%clk 0:20:25]} 47.Kf2 {[%clk 0:08:50]}
Qc8 {[%clk 0:15:01]} 48.Qf3 {[%clk 0:05:41]} Qd8 {[%clk 0:10:24]}
49.Qf4 {[%clk 0:04:36]} Qe7 {[%clk 0:05:52]} 50.h3 {[%clk 0:02:06]}
Rc6 {[%clk 0:04:09]} 51.g3 {[%clk 0:01:54]} Kh7 {[%clk 0:04:01]}
52.Qd2 {[%clk 0:00:51]} Qe4 {[%clk 0:03:48]} 53.Qf4 {[%clk 0:00:40]}
Qd3 {[%clk 0:03:49]} 54.h4 {[%clk 0:00:33]} Rc4 {[%clk 0:02:19]}
55.f6 {[%clk 0:00:56]} Rxd4 {[%clk 0:02:00]} 56.Qe3 {[%clk 0:01:01]}
Qf5+ {[%clk 0:02:09]} 57.Kg2 {[%clk 0:00:52]} Rd1 {[%clk 0:02:14]}
58.g4 {[%clk 0:00:31]} Qxg4+ {[%clk 0:02:04]} 59.Kf2 {[%clk 0:00:36]}
Qg1+ {[%clk 0:02:08]} 60.Kf3 {[%clk 0:00:48]} Qxe3+ {[%clk 0:02:27]}
61.Kxe3 {[%clk 0:01:13]} Rxc1 {[%clk 0:02:42]} 62.f7 {[%clk 0:01:29]}
Rf1 {[%clk 0:03:08]} 63.f8Q {[%clk 0:01:53]} Rxf8 {[%clk 0:03:34]}
64.Kd2 {[%clk 0:02:21]} Rf2+ {[%clk 0:03:42]} 65.Kc1 {[%clk 0:02:47]}
d4 {[%clk 0:04:01]} 66.h5 {[%clk 0:03:12]} d3 {[%clk 0:04:23]}
67.Kb2 {[%clk 0:03:37]} Rf1 {[%clk 0:04:45]} 68.Ka2 {[%clk 0:03:54]}
c1Q {[%clk 0:04:52]} 69.Kb3 {[%clk 0:04:20]} Qc2+ {[%clk 0:05:17]}
70.Ka3 {[%clk 0:04:42]} Ra1+ {[%clk 0:05:40]} 71.Kb4 {[%clk 0:05:08]}
Rb1+ {[%clk 0:06:01]} 72.Ka3 {[%clk 0:05:33]} Qb3# {[%clk 0:06:27]} 0-1

[Event "Russian Women's Higher League 2021"]
[Site "?"]
[Date "2021.07.03"]
[Round "7.20"]
[White "Miroshnik, Ekaterina"]
[Black "Baisheva, Nyurguiaana"]
[Result "1/2-1/2"]
[WhiteElo "2234"]
[BlackElo "1782"]
[Annotator ""]
[Source ""]
[Remark ""]

1.Nf3 {[%clk 1:30:56]} Nf6 {[%clk 1:30:45]} 2.b3 {[%clk 1:31:04]}
d5 {[%clk 1:30:44]} 3.Bb2 {[%clk 1:31:24]} g6 {[%clk 1:30:35]}
4.e3 {[%clk 1:31:01]} Bg7 {[%clk 1:30:52]} 5.Be2 {[%clk 1:29:59]}
O-O {[%clk 1:31:10]} 6.O-O {[%clk 1:30:23]} c5 {[%clk 1:31:20]}
7.d3 {[%clk 1:22:39]} Nc6 {[%clk 1:31:08]} 8.Nbd2 {[%clk 1:22:29]}
Qc7 {[%clk 1:31:03]} 9.c4 {[%clk 1:19:10]} e5 {[%clk 1:30:46]}
10.cxd5 {[%clk 1:13:41]} Nxd5 {[%clk 1:31:02]} 11.Qc2 {[%clk 1:13:46]}
b6 {[%clk 1:25:48]} 12.Rad1 {[%clk 1:12:27]} Bb7 {[%clk 1:24:49]}
13.Qb1 {[%clk 1:08:05]} Rad8 {[%clk 1:23:39]} 14.a3 {[%clk 1:06:32]}
f5 {[%clk 1:21:46]} 15.Rfe1 {[%clk 0:56:18]} Ba6 {[%clk 1:18:45]}
16.Bf1 {[%clk 0:51:25]} Nf6 {[%clk 1:17:30]} 17.h3 {[%clk 0:42:27]}
h6 {[%clk 1:11:21]} 18.Nc4 {[%clk 0:38:08]} Bxc4 {[%clk 1:11:23]}
19.dxc4 {[%clk 0:36:21]} e4 {[%clk 1:09:37]} 20.Nh2 {[%clk 0:26:34]}
a5 {[%clk 1:05:39]} 21.Be2 {[%clk 0:24:15]} Kh7 {[%clk 0:59:43]}
22.Nf1 {[%clk 0:23:11]} Ne5 {[%clk 0:56:41]} 23.Rxd8 {[%clk 0:13:38]}
Rxd8 {[%clk 0:57:01]} 24.Rd1 {[%clk 0:13:54]} Nc6 {[%clk 0:56:28]}
25.Rxd8 {[%clk 0:07:06]} Qxd8 {[%clk 0:56:52]} 26.f4 {[%clk 0:06:35]}
exf3 {[%clk 0:49:56]} 27.Bxf3 {[%clk 0:07:01]} Qd6 {[%clk 0:50:09]}
28.Qa1 {[%clk 0:04:32]} Nd8 {[%clk 0:47:04]} 29.Be5 {[%clk 0:03:54]}
Qe7 {[%clk 0:47:14]} 30.Bc3 {[%clk 0:02:30]} Nf7 {[%clk 0:44:32]}
31.Qd1 {[%clk 0:01:37]} Ng5 {[%clk 0:44:00]} 32.Bc6 {[%clk 0:01:10]}
Nge4 {[%clk 0:42:44]} 33.Bxf6 {[%clk 0:01:00]} Nxf6 {[%clk 0:41:43]}
34.Qd3 {[%clk 0:01:09]} h5 {[%clk 0:41:20]} 35.Nd2 {[%clk 0:00:53]}
Bh6 {[%clk 0:41:36]} 36.Kf2 {[%clk 0:00:40]} Qc7 {[%clk 0:39:25]}
37.Bf3 {[%clk 0:00:51]} Qe7 {[%clk 0:39:25]} 38.Qc3 {[%clk 0:00:50]}
Qd6 {[%clk 0:38:20]} 39.Ke2 {[%clk 0:00:48]} Kg8 {[%clk 0:36:49]}
40.Qd3 {[%clk 0:30:48]} Qxd3+ {[%clk 1:06:50]} 41.Kxd3 {[%clk 0:28:20]}
Kf7 {[%clk 1:07:12]} 42.Bd5+ {[%clk 0:15:48]} Ke7 {[%clk 1:05:45]}
43.Nf3 {[%clk 0:11:12]} Kd6 {[%clk 1:05:07]} 44.Nh4 {[%clk 0:05:56]}
Nd7 {[%clk 1:02:21]} 45.Ke2 {[%clk 0:01:28]} Ne5 {[%clk 1:02:34]}
46.g3 {[%clk 0:01:43]} Ke7 {[%clk 1:01:35]} 47.Ng2 {[%clk 0:01:52]}
g5 {[%clk 1:00:35]} 48.Bf3 {[%clk 0:01:31]} g4 {[%clk 1:00:33]}
49.hxg4 {[%clk 0:01:58]} hxg4 {[%clk 1:00:56]} 50.Bb7 {[%clk 0:02:16]}
Bg5 {[%clk 0:59:40]} 51.Bc8 {[%clk 0:02:22]} Kf6 {[%clk 0:59:49]}
52.a4 {[%clk 0:01:29]} Kg6 {[%clk 0:59:58]} 53.Ne1 {[%clk 0:01:17]}
Be7 {[%clk 0:59:17]} 54.Bb7 {[%clk 0:01:03]} Bd6 {[%clk 0:57:53]}
55.e4 {[%clk 0:01:02]} fxe4 {[%clk 0:56:33]} 56.Bxe4+ {[%clk 0:01:28]}
Kg5 {[%clk 0:56:09]} 57.Nc2 {[%clk 0:01:30]} Nd7 {[%clk 0:55:18]}
58.Kf2 {[%clk 0:01:17]} Nf6 {[%clk 0:55:33]} 59.Bc6 {[%clk 0:00:42]}
Nh5 {[%clk 0:55:23]} 60.Ne3 {[%clk 0:01:03]} Bxg3+ {[%clk 0:54:50]}
61.Kg2 {[%clk 0:01:13]} Bc7 {[%clk 0:54:52]} 62.Nd5 {[%clk 0:01:23]}
Nf4+ {[%clk 0:53:18]} 63.Nxf4 {[%clk 0:01:48]} Kxf4 {[%clk 0:53:45]}
64.Bd7 {[%clk 0:02:11]} g3 {[%clk 0:53:58]} 65.Bc6 {[%clk 0:02:38]}
Ke3 {[%clk 0:54:24]} 66.Bb5 {[%clk 0:02:45]} Kd2 {[%clk 0:54:44]}
67.Kf3 {[%clk 0:03:10]} Kc3 {[%clk 0:55:05]} 1/2-1/2

[Event "Russian Women's Higher League 2021"]
[Site "?"]
[Date "2021.07.03"]
[Round "7.21"]
[White "Iljushina, Olga"]
[Black "Yakimova, Mariya"]
[Result "0-1"]
[WhiteElo "2150"]
[BlackElo "2200"]
[Annotator ""]
[Source ""]
[Remark ""]

1.d4 {[%clk 1:30:59]} Nf6 {[%clk 1:24:26]} 2.c4 {[%clk 1:31:22]}
g6 {[%clk 1:24:47]} 3.Nc3 {[%clk 1:31:45]} Bg7 {[%clk 1:25:13]}
4.e4 {[%clk 1:32:07]} d6 {[%clk 1:25:38]} 5.Be3 {[%clk 1:32:15]}
O-O {[%clk 1:25:55]} 6.h3 {[%clk 1:32:42]} e5 {[%clk 1:26:17]}
7.d5 {[%clk 1:32:59]} Na6 {[%clk 1:26:42]} 8.Bd3 {[%clk 1:30:45]}
Nh5 {[%clk 1:25:27]} 9.Nge2 {[%clk 1:24:57]} f5 {[%clk 1:20:30]}
10.exf5 {[%clk 1:22:45]} gxf5 {[%clk 1:18:50]} 11.g4 {[%clk 1:16:50]}
Nf4 {[%clk 1:18:08]} 12.Bxf4 {[%clk 1:02:18]} exf4 {[%clk 1:18:27]}
13.Bxf5 {[%clk 0:59:55]} Bxf5 {[%clk 1:14:19]} 14.gxf5 {[%clk 1:00:23]}
Qe7 {[%clk 1:14:05]} 15.Kf1 {[%clk 0:52:46]} Qe5 {[%clk 1:09:07]}
16.Qd2 {[%clk 0:47:55]} Rxf5 {[%clk 1:02:01]} 17.Rd1 {[%clk 0:44:15]}
Nc5 {[%clk 1:01:11]} 18.Rg1 {[%clk 0:39:34]} Kh8 {[%clk 1:00:11]}
19.Nd4 {[%clk 0:37:35]} Rf7 {[%clk 0:56:41]} 20.b4 {[%clk 0:34:52]}
Qh5 {[%clk 0:49:39]} 21.Rh1 {[%clk 0:34:15]} Nd7 {[%clk 0:48:40]}
22.Qe2 {[%clk 0:30:04]} f3 {[%clk 0:47:13]} 23.Qe4 {[%clk 0:27:34]}
Ne5 {[%clk 0:42:49]} 24.Ne6 {[%clk 0:26:44]} Rg8 {[%clk 0:42:00]}
25.Nb5 {[%clk 0:24:24]} Bh6 {[%clk 0:41:59]} 26.Rd4 {[%clk 0:16:51]}
a6 {[%clk 0:32:40]} 27.Nc3 {[%clk 0:16:35]} Rg4 {[%clk 0:29:21]}
28.Qc2 {[%clk 0:15:38]} Rxd4 {[%clk 0:28:48]} 29.Nxd4 {[%clk 0:16:02]}
Qg5 {[%clk 0:26:12]} 30.Rg1 {[%clk 0:06:21]} Qh4 {[%clk 0:26:34]}
31.Ne6 {[%clk 0:05:37]} Qxc4+ {[%clk 0:26:53]} 32.Ke1 {[%clk 0:06:03]}
Nd3+ {[%clk 0:27:08]} 33.Kd1 {[%clk 0:06:12]} Nxf2+ {[%clk 0:26:07]}
34.Ke1 {[%clk 0:05:35]} Nd3+ {[%clk 0:26:28]} 35.Kd1 {[%clk 0:06:03]}
f2 {[%clk 0:26:45]} 0-1

[Event "Russian Women's Higher League 2021"]
[Site "?"]
[Date "2021.07.03"]
[Round "7.22"]
[White "Asatryan, Maria"]
[Black "Kuznetsova, Marina"]
[Result "0-1"]
[WhiteElo "1621"]
[BlackElo "1964"]
[Annotator ""]
[Source ""]
[Remark ""]

1.d4 {[%clk 1:30:58]} Nf6 {[%clk 1:30:56]} 2.Nf3 {[%clk 1:31:25]}
e6 {[%clk 1:31:21]} 3.c4 {[%clk 1:31:51]} d5 {[%clk 1:31:47]}
4.g3 {[%clk 1:32:17]} Be7 {[%clk 1:32:13]} 5.Bg2 {[%clk 1:32:42]}
O-O {[%clk 1:32:37]} 6.O-O {[%clk 1:33:05]} dxc4 {[%clk 1:33:02]}
7.Qa4 {[%clk 1:32:29]} a6 {[%clk 1:32:57]} 8.Qxc4 {[%clk 1:32:42]}
b5 {[%clk 1:33:22]} 9.Qc2 {[%clk 1:32:46]} Bb7 {[%clk 1:33:46]}
10.Nbd2 {[%clk 1:32:27]} Nbd7 {[%clk 1:31:42]} 11.b3 {[%clk 1:30:24]}
c5 {[%clk 1:29:45]} 12.Bb2 {[%clk 1:28:51]} Rc8 {[%clk 1:27:55]}
13.dxc5 {[%clk 1:25:32]} Nxc5 {[%clk 1:21:50]} 14.Rad1 {[%clk 1:23:52]}
Nce4 {[%clk 1:15:15]} 15.Qb1 {[%clk 1:22:38]} Qb6 {[%clk 1:07:34]}
16.Bd4 {[%clk 1:18:15]} Bc5 {[%clk 1:05:58]} 17.Nxe4 {[%clk 1:14:29]}
Bxe4 {[%clk 1:05:21]} 18.Qa1 {[%clk 1:14:23]} Bxd4 {[%clk 1:04:40]}
19.Qxd4 {[%clk 0:58:43]} Qa5 {[%clk 0:58:33]} 20.Qd2 {[%clk 0:52:46]}
b4 {[%clk 0:53:42]} 21.Rc1 {[%clk 0:49:56]} Rc3 {[%clk 0:51:20]}
22.Rfd1 {[%clk 0:47:56]} h6 {[%clk 0:48:11]} 23.Nd4 {[%clk 0:31:58]}
Rfc8 {[%clk 0:42:41]} 24.Ra1 {[%clk 0:23:39]} e5 {[%clk 0:35:52]}
25.Nf3 {[%clk 0:22:52]} Rc2 {[%clk 0:32:28]} 26.Qd6 {[%clk 0:21:19]}
Rxe2 {[%clk 0:28:42]} 27.a3 {[%clk 0:18:25]} bxa3 {[%clk 0:26:05]}
28.Rxa3 {[%clk 0:18:29]} Qc3 {[%clk 0:25:44]} 29.Qxa6 {[%clk 0:11:45]}
Rxf2 {[%clk 0:22:08]} 30.b4 {[%clk 0:08:02]} Rxg2+ {[%clk 0:21:29]}
31.Kxg2 {[%clk 0:04:18]} Bxf3+ {[%clk 0:21:11]} 32.Kf1 {[%clk 0:03:45]}
Qc2 {[%clk 0:20:45]} 33.Rda1 {[%clk 0:02:11]} Ng4 {[%clk 0:20:02]} 0-1

[Event "Russian Women's Higher League 2021"]
[Site "?"]
[Date "2021.07.03"]
[Round "7.23"]
[White "Plekhanova, Ekaterina"]
[Black "Izbekova, Evdokia"]
[Result "1-0"]
[WhiteElo "1858"]
[BlackElo "1757"]
[Annotator ""]
[Source ""]
[Remark ""]

1.e4 {[%clk 1:30:58]} g6 {[%clk 1:30:31]} 2.d4 {[%clk 1:31:16]}
Bg7 {[%clk 1:30:58]} 3.Nf3 {[%clk 1:31:05]} d5 {[%clk 1:30:32]}
4.e5 {[%clk 1:27:38]} e6 {[%clk 1:24:03]} 5.Bd3 {[%clk 1:27:46]}
Nd7 {[%clk 1:23:49]} 6.O-O {[%clk 1:27:51]} c5 {[%clk 1:23:15]}
7.c3 {[%clk 1:28:15]} cxd4 {[%clk 1:22:56]} 8.cxd4 {[%clk 1:28:41]}
Ne7 {[%clk 1:23:22]} 9.Nc3 {[%clk 1:28:49]} a6 {[%clk 1:23:14]}
10.Kh1 {[%clk 1:18:43]} O-O {[%clk 1:22:02]} 11.Ng1 {[%clk 1:17:18]}
Nc6 {[%clk 1:16:36]} 12.Nce2 {[%clk 1:13:43]} Nb6 {[%clk 1:07:13]}
13.f4 {[%clk 1:01:46]} f6 {[%clk 1:03:40]} 14.exf6 {[%clk 0:47:34]}
Qxf6 {[%clk 1:01:17]} 15.Nf3 {[%clk 0:47:55]} Bd7 {[%clk 0:58:01]}
16.a3 {[%clk 0:46:09]} Rac8 {[%clk 0:55:21]} 17.b3 {[%clk 0:43:14]}
Rc7 {[%clk 0:51:06]} 18.Be3 {[%clk 0:40:48]} Nc8 {[%clk 0:49:29]}
19.f5 {[%clk 0:29:44]} exf5 {[%clk 0:46:15]} 20.Bg5 {[%clk 0:29:57]}
Qf7 {[%clk 0:44:11]} 21.Bf4 {[%clk 0:29:57]} Be6 {[%clk 0:44:34]}
22.Ng5 {[%clk 0:30:00]} 1-0

[Event "Russian Women's Higher League 2021"]
[Site "?"]
[Date "2021.07.03"]
[Round "7.24"]
[White "Filippova, Margarita"]
[Black "Nikolaeva, Nadezhda"]
[Result "1-0"]
[WhiteElo "2075"]
[BlackElo "1839"]
[Annotator ""]
[Source ""]
[Remark ""]

1.d4 {[%clk 1:30:59]} d5 {[%clk 1:30:55]} 2.Nf3 {[%clk 1:31:21]}
e6 {[%clk 1:29:57]} 3.c4 {[%clk 1:31:33]} c6 {[%clk 1:29:51]}
4.e3 {[%clk 1:31:57]} Nf6 {[%clk 1:30:10]} 5.Bd3 {[%clk 1:32:15]}
dxc4 {[%clk 1:30:07]} 6.Bxc4 {[%clk 1:32:39]} b5 {[%clk 1:30:31]}
7.Bd3 {[%clk 1:33:05]} a6 {[%clk 1:30:56]} 8.a4 {[%clk 1:33:24]}
Bb7 {[%clk 1:30:18]} 9.Nbd2 {[%clk 1:32:49]} Nbd7 {[%clk 1:30:06]}
10.O-O {[%clk 1:32:44]} Be7 {[%clk 1:27:36]} 11.b3 {[%clk 1:30:35]}
O-O {[%clk 1:27:34]} 12.Bb2 {[%clk 1:30:51]} Qb6 {[%clk 1:24:41]}
13.Qe2 {[%clk 1:26:14]} Nd5 {[%clk 1:21:00]} 14.Ne5 {[%clk 1:22:46]}
Nxe5 {[%clk 1:16:27]} 15.dxe5 {[%clk 1:23:12]} Rfd8 {[%clk 1:15:56]}
16.Ne4 {[%clk 1:18:06]} c5 {[%clk 1:10:34]} 17.Bb1 {[%clk 1:06:39]}
g6 {[%clk 1:03:46]} 18.Rc1 {[%clk 0:59:52]} Rac8 {[%clk 1:01:51]}
19.h4 {[%clk 0:59:40]} bxa4 {[%clk 0:53:42]} 20.bxa4 {[%clk 0:59:46]}
a5 {[%clk 0:53:29]} 21.Qb5 {[%clk 0:56:02]} Qa7 {[%clk 0:46:26]}
22.Nf6+ {[%clk 0:52:29]} Nxf6 {[%clk 0:43:06]} 23.exf6 {[%clk 0:52:54]}
Bf8 {[%clk 0:43:11]} 24.Bc3 {[%clk 0:46:58]} Bc6 {[%clk 0:35:55]}
25.Qe2 {[%clk 0:41:05]} Qa8 {[%clk 0:34:48]} 26.h5 {[%clk 0:40:06]}
Rd5 {[%clk 0:12:06]} 27.hxg6 {[%clk 0:38:04]} hxg6 {[%clk 0:10:52]}
28.Qg4 {[%clk 0:38:27]} Bh6 {[%clk 0:09:00]} 29.f4 {[%clk 0:38:11]}
Kh7 {[%clk 0:08:13]} 30.Kf2 {[%clk 0:35:23]} Rc7 {[%clk 0:01:21]}
31.Rh1 {[%clk 0:34:46]} Rcd7 {[%clk 0:01:01]} 32.Be4 {[%clk 0:31:53]}
Qf8 {[%clk 0:00:59]} 33.Bxd5 {[%clk 0:31:38]} Rxd5 {[%clk 0:01:06]}
34.Rh2 {[%clk 0:30:56]} Rh5 {[%clk 0:01:07]} 35.Rah1 {[%clk 0:29:36]}
Rxh2 {[%clk 0:00:53]} 36.Rxh2 {[%clk 0:30:02]} Bxa4 {[%clk 0:01:08]}
37.Bxa5 {[%clk 0:30:19]} Bc2 {[%clk 0:00:48]} 38.Qh4 {[%clk 0:30:22]}
Bd1 {[%clk 0:00:51]} 39.g4 {[%clk 0:29:32]} c4 {[%clk 0:00:51]}
40.Bb4 {[%clk 0:59:13]} 1-0

[Event "Russian Women's Higher League 2021"]
[Site "?"]
[Date "2021.07.03"]
[Round "7.25"]
[White "Tomilova, Elena"]
[Black "Khmeleva, Anna"]
[Result "1-0"]
[WhiteElo "2353"]
[BlackElo "1640"]
[Annotator ""]
[Source ""]
[Remark ""]

1.d4 {[%clk 1:30:57]} Nf6 {[%clk 1:28:11]} 2.Nf3 {[%clk 1:31:22]}
g6 {[%clk 1:28:34]} 3.g3 Bg7 {[%clk 1:28:59]} 4.Bg2 {[%clk 1:32:14]}
O-O {[%clk 1:29:23]} 5.O-O {[%clk 1:32:41]} d5 {[%clk 1:29:49]}
6.c4 {[%clk 1:33:06]} c6 {[%clk 1:30:08]} 7.Qb3 {[%clk 1:33:07]}
dxc4 {[%clk 1:30:23]} 8.Qxc4 {[%clk 1:33:32]} Nbd7 {[%clk 1:30:49]}
9.Nc3 {[%clk 1:33:30]} Nb6 {[%clk 1:31:12]} 10.Qd3 {[%clk 1:32:51]}
Be6 {[%clk 1:30:56]} 11.Rd1 {[%clk 1:32:17]} Nfd5 {[%clk 1:29:06]}
12.e4 {[%clk 1:28:07]} Nc7 {[%clk 1:28:49]} 13.Bf4 {[%clk 1:15:12]}
f5 {[%clk 1:26:04]} 14.Ng5 {[%clk 1:13:07]} Bc4 {[%clk 1:26:17]}
15.Qc2 {[%clk 1:12:34]} h6 {[%clk 1:26:38]} 16.Nf3 {[%clk 1:11:21]}
Ne6 {[%clk 1:23:42]} 17.Be5 {[%clk 1:09:09]} Qe8 {[%clk 1:19:49]}
18.Na4 {[%clk 0:58:22]} Bb5 {[%clk 1:15:04]} 19.Nc5 {[%clk 0:51:31]}
Nxc5 {[%clk 1:13:15]} 20.dxc5 {[%clk 0:51:54]} Nd7 {[%clk 1:11:04]}
21.Bxg7 {[%clk 0:51:38]} Kxg7 {[%clk 1:11:21]} 22.Nd4 {[%clk 0:48:10]}
e5 {[%clk 1:09:25]} 23.Nxb5 {[%clk 0:48:28]} cxb5 {[%clk 1:09:43]}
24.exf5 {[%clk 0:48:54]} Rc8 {[%clk 1:08:00]} 25.b4 {[%clk 0:48:17]}
gxf5 {[%clk 1:07:18]} 26.Bxb7 {[%clk 0:47:56]} Rc7 {[%clk 1:07:37]}
27.Bg2 {[%clk 0:46:05]} e4 {[%clk 1:07:33]} 28.Qc3+ {[%clk 0:45:50]}
Kh7 {[%clk 1:06:25]} 29.Rd6 {[%clk 0:41:38]} Ne5 {[%clk 1:05:09]}
30.Rad1 {[%clk 0:41:39]} Qe7 {[%clk 1:04:43]} 31.Qd2 {[%clk 0:35:52]}
Qg7 {[%clk 1:03:34]} 32.Qd5 {[%clk 0:35:32]} Rff7 {[%clk 1:01:18]}
33.c6 {[%clk 0:33:07]} a6 {[%clk 1:00:26]} 34.Bh3 {[%clk 0:29:18]}
Nf3+ {[%clk 0:56:34]} 35.Kh1 {[%clk 0:26:57]} Qg5 {[%clk 0:56:26]}
36.Rd7 {[%clk 0:25:31]} Qh5 {[%clk 0:52:49]} 37.Qxf7+ {[%clk 0:23:38]}
Qxf7 {[%clk 0:53:01]} 38.Rxc7 {[%clk 0:23:11]} 1-0

[Event "Russian Women's Higher League 2021"]
[Site "?"]
[Date "2021.07.04"]
[Round "8.1"]
[White "Guseva, Marina"]
[Black "Ovod, Evgenija"]
[Result "1-0"]
[WhiteElo "2386"]
[BlackElo "2322"]
[Annotator ""]
[Source ""]
[Remark ""]

1.d4 {[%clk 1:30:58]} e6 {[%clk 1:30:56]} 2.c4 {[%clk 1:31:23]}
Bb4+ {[%clk 1:31:22]} 3.Nd2 {[%clk 1:31:37]} Nf6 {[%clk 1:31:46]}
4.Ngf3 {[%clk 1:32:04]} O-O {[%clk 1:30:53]} 5.g3 {[%clk 1:31:53]}
c5 {[%clk 1:29:46]} 6.a3 {[%clk 1:31:47]} Bxd2+ {[%clk 1:28:38]}
7.Bxd2 {[%clk 1:32:02]} cxd4 {[%clk 1:26:11]} 8.Nxd4 {[%clk 1:16:16]}
Nc6 {[%clk 1:26:21]} 9.Nxc6 {[%clk 1:15:47]} dxc6 {[%clk 1:26:03]}
10.Bb4 {[%clk 1:12:38]} Re8 {[%clk 1:24:28]} 11.Bg2 {[%clk 1:02:15]}
e5 {[%clk 1:24:25]} 12.Qc2 {[%clk 0:56:20]} Bd7 {[%clk 0:58:04]}
13.O-O {[%clk 0:54:15]} Qc8 {[%clk 0:58:31]} 14.Rfd1 {[%clk 0:44:54]}
c5 {[%clk 0:58:54]} 15.Bc3 {[%clk 0:45:14]} Bc6 {[%clk 0:59:21]}
16.Rd6 {[%clk 0:44:47]} Bxg2 {[%clk 0:54:14]} 17.Kxg2 {[%clk 0:42:20]}
Qg4 {[%clk 0:53:37]} 18.f3 {[%clk 0:39:52]} Qc8 {[%clk 0:47:47]}
19.Rad1 {[%clk 0:39:07]} b6 {[%clk 0:37:01]} 20.a4 {[%clk 0:34:07]}
Rb8 {[%clk 0:34:41]} 21.Qd2 {[%clk 0:26:28]} h6 {[%clk 0:28:39]}
22.e4 {[%clk 0:24:39]} Qb7 {[%clk 0:19:35]} 23.Kg1 {[%clk 0:20:49]}
Re7 {[%clk 0:16:56]} 24.Qd3 {[%clk 0:16:13]} Rbe8 {[%clk 0:16:51]}
25.Qd2 {[%clk 0:12:17]} Re6 {[%clk 0:14:20]} 26.Rd3 {[%clk 0:12:43]}
Kh7 {[%clk 0:08:17]} 27.h4 {[%clk 0:07:47]} Qc6 {[%clk 0:06:02]}
28.b3 {[%clk 0:08:06]} Nh5 {[%clk 0:06:11]} 29.Kh2 {[%clk 0:07:51]}
Rg6 {[%clk 0:06:33]} 30.Rg1 {[%clk 0:03:50]} Qf6 {[%clk 0:05:32]}
31.Qf2 {[%clk 0:04:14]} Qe7 {[%clk 0:03:49]} 32.Rd5 {[%clk 0:03:38]}
Re6 {[%clk 0:02:48]} 33.Rgd1 {[%clk 0:03:19]} Nf6 {[%clk 0:03:07]}
34.R5d3 {[%clk 0:03:16]} a5 {[%clk 0:01:46]} 35.Qe3 {[%clk 0:02:29]}
Rg8 {[%clk 0:01:45]} 36.Kg2 {[%clk 0:01:54]} g5 {[%clk 0:01:37]}
37.Rh1 {[%clk 0:01:04]} g4 {[%clk 0:01:48]} 38.Bd2 {[%clk 0:00:40]}
gxf3+ {[%clk 0:02:11]} 39.Qxf3 {[%clk 0:01:05]} Ng4 {[%clk 0:00:59]}
40.Qf5+ {[%clk 0:31:27]} Kh8 {[%clk 0:30:51]} 41.Bg5 {[%clk 0:26:07]}
hxg5 {[%clk 0:25:03]} 42.hxg5+ {[%clk 0:26:14]} Kg7 {[%clk 0:25:30]}
43.Rh7+ {[%clk 0:26:14]} Kf8 {[%clk 0:25:37]} 44.Rd8+ 1-0